La barca e io /

Saved in:
Bibliografiske detaljer
Hovedforfatter: Jansson, Tove (Author)
Andre forfattere: Giorgetti Cima, Carmen (Translator)
Format: Bog
Sprog:italiensk
Udgivet: Milano : Iperborea, 2005
Serier:Iperborea ; 137
Tags: Tilføj Tag
Ingen Tags, Vær først til at tagge denne postø!

MARC

LEADER 00000nam a22000007i 4500
001 IT\ICCU\UBO\2860568
003 ItRI
005 20260115231919.0
008 051123s2005 it |||||| |||||1|||||c
020 |a 8870911373 
040 |b ita  |c importazione bologna sebina 
041 7 |a ita  |2 ISO-639-2 
082 |a 839.7  |9 LETTERATURA SVEDESE  |2 19 
100 1 |a Jansson, Tove  |0 IT\ICCU\CFIV\094155  |4 aut 
240 1 0 |a Meddelande  |3 IT\ICCU\UBO\2861302  |9 Jansson, Tove 
245 1 3 |a La barca e io /  |c Tove Jansson ; traduzione e postfazione di Carmen Giorgetti Cima. 
260 |a Milano :  |b Iperborea,  |c 2005 
300 |a 149 p. ;  |c 20 cm. 
700 1 |a Giorgetti Cima, Carmen  |0 IT\ICCU\RAVV\021398  |4 trl 
790 1 |a Cima Giorgetti, Carmen  |3 IT\ICCU\LO1V\419582  |z Giorgetti Cima, Carmen 
830 0 |a Iperborea ;  |v 137  |0 IT\ICCU\CFI\0169909 
942 |2 ddc  |c BK  |n 0 
952 |0 0  |1 0  |4 0  |6 L_894_541000000000000_JAN  |7 0  |9 16300  |a BO  |b BO  |d 2026-01-15  |i 17742  |l 0  |o L 894.541 JAN  |p BO17742  |r 2026-01-15 23:19:19  |w 2026-01-15  |x [Sebina 5] [1 v.]  |y BK  |z 1 v. 
999 |c 13986  |d 13986